| 000 | 00618nam a2200241Ia 4500 | ||
|---|---|---|---|
| 003 | OSt | ||
| 005 | 20221007100456.0 | ||
| 006 | a|||||r|||| 00| 0 | ||
| 007 | ta | ||
| 008 | 221006b |||||||| |||| 00| 0 eng d | ||
| 024 | _a4,477 | ||
| 037 | _cTextual | ||
| 040 |
_aLCO _cLCO _beng |
||
| 041 |
_2eng _aeng |
||
| 082 | _aZ3,75,15, M1 | ||
| 100 |
_aKING M _9701762 |
||
| 245 | 0 | _aThe frame work of criminal justice. | |
| 260 |
_aLondon _bCroom - Helm _c1981 |
||
| 300 | _a159 | ||
| 650 |
_aCRIMINAL JUSTICE _9695785 |
||
| 942 |
_hZ3,75,15, M1 _cTEXL |
||
| 999 |
_c1174040 _d1174040 |
||